Catálogo público

Manual práctico del mecánico agrícola. (Record no. 17023)

MARC details
000 -CABECERA
campo de control de longitud fija 01328nam a22003857a 4500
001 - NÚMERO DE CONTROL
campo de control 000018062
003 - IDENTIFICADOR DEL NÚMERO DE CONTROL
campo de control CHAP
005 - FECHA Y HORA DE LA ÚLTIMA TRANSACCIÓN
campo de control 20220329134217.0
008 - DATOS DE LONGITUD FIJA--INFORMACIÓN GENERAL
campo de control de longitud fija 971013s1972 r 00010 d
010 ## - NÚMERO DE CONTROL DE LA BIBLIOTECA DEL CONGRESO
Número de control de LC 17023
011 ## - ENLACE DEL NUMERO DE CONTROL DE LA BIBLIOTECA DEL CONGRESO [OBSOLETO]
Número de control de LC 17995
035 ## - NÚMERO DE CONTROL DEL SISTEMA
Número de control de sistema 22079
040 ## - FUENTE DE LA CATALOGACIÓN
Centro/agencia transcriptor CHAP
082 ## - NÚMERO DE LA CLASIFICACIÓN DECIMAL DEWEY
Número de clasificación 631.3
Número de documento/Ítem B4 1972
100 00 - ENTRADA PRINCIPAL--NOMBRE DE PERSONA
Nombre de persona Bermejo Zuazúa, Antonio.
9 (RLIN) 11844
245 #0 - MENCIÓN DE TÍTULO
Título Manual práctico del mecánico agrícola.
250 ## - MENCIÓN DE EDICIÓN
Mención de edición 6 ed.
260 ## - PUBLICACIÓN, DISTRIBUCIÓN, ETC.
Lugar de publicación, distribución, etc. Madrid :
Nombre del editor, distribuidor, etc. Ministerio de Agricultura,
Fecha de publicación, distribución, etc. 1972.
300 ## - DESCRIPCIÓN FÍSICA
Extensión 2 v.
490 ## - MENCIÓN DE SERIE
Mención de serie Publicaciones de extensión agraria
505 ## - NOTA DE CONTENIDO CON FORMATO
Nota de contenido con formato Contenido : v.1 Mecánica general y tractores.- v.2 Máquinas agrícolas
590 ## - NOTA LOCAL (RLIN)
Nota local BATCH-UPD
Procedencia (VM) [OBSOLETO] 10
Condición del los carretes individuales (VM) [OBSOLETO] 20130110
-- UCH01
-- 1622
590 ## - NOTA LOCAL (RLIN)
Nota local BATCH-UPD
Procedencia (VM) [OBSOLETO] 10
Condición del los carretes individuales (VM) [OBSOLETO] 20130410
-- UCH01
-- 1017
590 ## - NOTA LOCAL (RLIN)
Nota local BATCH-UPD
Procedencia (VM) [OBSOLETO] 10
Condición del los carretes individuales (VM) [OBSOLETO] 20130914
-- UCH01
-- 1758
590 ## - NOTA LOCAL (RLIN)
Nota local CONVERSION
Procedencia (VM) [OBSOLETO] 10
Condición del los carretes individuales (VM) [OBSOLETO] 20130109
-- UCH01
-- 1311
590 ## - NOTA LOCAL (RLIN)
Nota local E11695DGD
Procedencia (VM) [OBSOLETO] 10
Condición del los carretes individuales (VM) [OBSOLETO] 20130531
-- UCH01
-- 1459
650 14 - PUNTO DE ACCESO ADICIONAL DE MATERIA--TÉRMINO DE MATERIA
Término de materia o nombre geográfico como elemento de entrada Maquinaria agrícola.
9 (RLIN) 71151
830 0# - PUNTO DE ACCESO ADICIONAL DE SERIE-TÍTULO UNIFORME
Título uniforme Publicaciones de extensión agraria
9 (RLIN) 92675
901 ## - ELEMENTOS DE DATOS A LOCAL LDA (RLIN)
a BK
942 ## - ELEMENTOS DE PUNTO DE ACCESO ADICIONAL (KOHA)
Tipo de ítem Koha Libro
942 ## - ELEMENTOS DE PUNTO DE ACCESO ADICIONAL (KOHA)
Suprimir en OPAC 0
949 ## - PROCESAMIENTO DE INFORMACIÓN LOCAL (OCLC)
a 631.3 B4 1972
b BC
c LIBRO
d -51502
e LIBRO
f v.1
h 50580
i 22079
s i
949 ## - PROCESAMIENTO DE INFORMACIÓN LOCAL (OCLC)
a 631.3 B4 1972
b BC
c LIBRO
d 33724000688834
e LIBRO
f v.2
h 50581
i 22079
s i
949 ## - PROCESAMIENTO DE INFORMACIÓN LOCAL (OCLC)
a 631.3 B4 1972
b BC
c LIBRO
d 33724000900817
e LIBRO
f v.2 c.2
h 52143
i 22079
s i
Holdings
Estado de retiro Estado de pérdida Fuente del sistema de clasificación o colocación Estado dañado Restricciones de uso No para préstamo Código de colección Localización permanente Ubicación/localización actual Ubicación en estantería Fecha de adquisición Información codificada de la localización en otra ubicación Total de préstamos Signatura topográfica completa Código de barras Fecha visto por última vez Número de copia Precio válido a partir de Tipo de ítem Koha
    Dewey Decimal Classification   Préstamo 15 días   General Biblioteca Central Biblioteca Central Planta principal - Colección General 31/12/2019 LIBRO   631.3 B4 1972 -51502 31/12/2019 v.1 31/12/2019 Libro
    Dewey Decimal Classification   Préstamo 15 días   General Biblioteca Central Biblioteca Central Planta principal - Colección General 31/12/2019 LIBRO   631.3 B4 1972 33724000688834 31/12/2019 v.2 31/12/2019 Libro
    Dewey Decimal Classification   Préstamo 15 días   General Biblioteca Central Biblioteca Central Planta principal - Colección General 31/12/2019 LIBRO   631.3 B4 1972 33724000900817 31/12/2019 v.2 c.2 31/12/2019 Libro